200 Stock Seasons (2023-2024) - Statistics

General Stats
  • This quiz has been taken 9 times
  • The average score is 4 of 7
Answer Stats
Stocks Steals Blocks Player % Correct
342 88 254 Victor Wembanyama
100%
269 91 178 Anthony Davis
56%
214 52 162 Rudy Gobert
56%
217 150 67 Shai Gilgeous-Alexander
56%
232 43 189 Brook Lopez
44%
243 53 190 Chet Holmgren
44%
218 65 153 Daniel Gafford
0%
No matching quizzes found
Score Distribution
Percent of People with Each Score
Percentile by Number Answered
Your Score History
You have not taken this quiz